00227nam a2200085Ia 4500008004100000041000800041100002100049245003600070260003500106241105s9999 xx 000 0 und d aeng aDeshpande Aastha aArtisan's Village In New Bombay bFinal Year B. Arch, BNCAc2014